Gottesrede in postsäkularer Kultur

Պահպանված է:
Մատենագիտական մանրամասներ
Հիմնական հեղինակ: Walter, Peter (Հեղինակ)
Ձևաչափ: Գիրք
Լեզու:գերմաներեն
Հրապարակվել է: Friburgo de Brisgovia Herder 2007
Հրատարակություն:1a. ed
Շարք:Quaestiones Disputatae, 224
Խորագրեր:
Ցուցիչներ: Ավելացրեք ցուցիչ
Չկան պիտակներ, Եղեք առաջինը, ով նշում է այս գրառումը!

MARC

LEADER 00000cam a2200000 a 4500
001 UCE7266
003 CL-VaPUC
008 150605e20070000gw |||||||||||||||||ger|d
020 |a 9783451022241 
082 0 4 |a 262.15  |b WAL  |2 21 
100 0 |a Walter, Peter  |e author  |9 579946 
245 1 0 |a Gottesrede in postsäkularer Kultur 
250 |a 1a. ed 
300 |a 221 p 
942 |c BK 
945 |d 20150605 14:50:00  |a dcastane 
260 |a Friburgo de Brisgovia  |b Herder  |c 2007 
650 0 |a Laicismo  |9 313856 
650 0 |a Secularismo   |9 401960 
583 |a last modification  |c 20150605 14:50:00  |k Rodrigo Vera 
490 0 |a Quaestiones Disputatae, 224 
999 |c 359367  |d 359365 
952 |0 0  |1 0  |3 erb  |4 0  |6 262_150000000000000_WAL_2007  |7 0  |8 A  |9 468528  |a BIBTEO  |b BIBTEO  |e Casale Rolle, Carlos Ignacio, -2014  |i 5173426  |o 262.15 WAL 2007  |p 5173426  |r 2025-01-17  |w 2019-11-23  |y BK  |z Catalogado en:20150605  |k ICR